Delhi through the ages : (Record no. 20789)

MARC details
000 -LEADER
fixed length control field 01014cam a2200289 a 4500
001 - CONTROL NUMBER
control field 1474899
003 - CONTROL NUMBER IDENTIFIER
control field BDDh-ASL
005 - DATE AND TIME OF LATEST TRANSACTION
control field 20231015025933.0
008 - FIXED-LENGTH DATA ELEMENTS--GENERAL INFORMATION
fixed length control field 860620s1986 ii b 001 0 eng
010 ## - LIBRARY OF CONGRESS CONTROL NUMBER
LC control number 86900004
020 ## - INTERNATIONAL STANDARD BOOK NUMBER
International Standard Book Number 0195617282 :
Terms of availability Rs230.00
025 ## - OVERSEAS ACQUISITION NUMBER
Overseas acquisition number I E 52426
040 ## - CATALOGING SOURCE
Original cataloging agency DLC
Transcribing agency DLC
Modifying agency DLC
-- BDDh-ASL
043 ## - GEOGRAPHIC AREA CODE
Geographic area code a-ii---
050 00 - LIBRARY OF CONGRESS CALL NUMBER
Classification number DS486.D3
Item number D44 1986
082 00 - DEWEY DECIMAL CLASSIFICATION NUMBER
Classification number 954.56
Edition number 19
Item number DEL
245 00 - TITLE STATEMENT
Title Delhi through the ages :
Remainder of title essays in urban history, culture, and society /
Statement of responsibility, etc. edited by R.E. Frykenberg.
260 ## - PUBLICATION, DISTRIBUTION, ETC.
Place of publication, distribution, etc. Delhi ;
-- New York :
Name of publisher, distributor, etc. Oxford University Press,
Date of publication, distribution, etc. 1986.
300 ## - PHYSICAL DESCRIPTION
Extent xli, 524 p., [8] p. of plates :
Other physical details ill., maps ;
Dimensions 22 cm.
500 ## - GENERAL NOTE
General note Maps on lining papers.
504 ## - BIBLIOGRAPHY, ETC. NOTE
Bibliography, etc. note Includes bibliographies and index.
651 #0 - SUBJECT ADDED ENTRY--GEOGRAPHIC NAME
Geographic name Delhi (India)
General subdivision History.
700 1# - ADDED ENTRY--PERSONAL NAME
Personal name Frykenberg, Robert Eric.
856 42 - ELECTRONIC LOCATION AND ACCESS
Materials specified Publisher description
Uniform Resource Identifier <a href="http://www.loc.gov/catdir/enhancements/fy0636/86900004-d.html">http://www.loc.gov/catdir/enhancements/fy0636/86900004-d.html</a>
906 ## - LOCAL DATA ELEMENT F, LDF (RLIN)
a 7
b cbc
c orignew
d 3
e ncip
f 19
g y-gencatlg
942 ## - ADDED ENTRY ELEMENTS (KOHA)
Source of classification or shelving scheme Dewey Decimal Classification
Koha item type Books
Holdings
Withdrawn status Lost status Source of classification or shelving scheme Damaged status Not for loan Collection code Home library Current library Shelving location Date acquired Source of acquisition Total Checkouts Full call number Barcode Date last seen Copy number Price effective from Koha item type Public note
    Dewey Decimal Classification   Not For Loan Non-fiction Asiatic Society Library Asiatic Society Library Ludden Collection 01/14/2021 Donated by Prof. David Ludden   954.56 DEL 104289 01/14/2021 C-1 01/14/2021 Books RARE

Powered by Koha